Confederate battle stories / (Record no. 530017)
[ view plain ]
| 000 -LEADER | |
|---|---|
| fixed length control field | 01973cam a2200397 a 4500 |
| 001 - CONTROL NUMBER | |
| control field | 4853682 |
| 003 - CONTROL NUMBER IDENTIFIER | |
| control field | NUST |
| 005 - DATE AND TIME OF LATEST TRANSACTION | |
| control field | 20191008150853.0 |
| 008 - FIXED-LENGTH DATA ELEMENTS--GENERAL INFORMATION | |
| fixed length control field | 911205s1992 aru 000 1 eng |
| 010 ## - LIBRARY OF CONGRESS CONTROL NUMBER | |
| LC control number | 91044892 |
| 020 ## - INTERNATIONAL STANDARD BOOK NUMBER | |
| International Standard Book Number | 087483192X (alk. paper) : |
| Terms of availability | $18.95 |
| 020 ## - INTERNATIONAL STANDARD BOOK NUMBER | |
| International Standard Book Number | 0874831911 (pbk. : alk. paper) : |
| Terms of availability | $9.95 |
| 038 ## - RECORD CONTENT LICENSOR | |
| Staff Name | waseem |
| 040 ## - CATALOGING SOURCE | |
| Original cataloging agency | DLC |
| Transcribing agency | DLC |
| Modifying agency | DLC |
| 042 ## - AUTHENTICATION CODE | |
| Authentication code | lcac |
| 043 ## - GEOGRAPHIC AREA CODE | |
| Geographic area code | n-usu-- |
| 050 00 - LIBRARY OF CONGRESS CALL NUMBER | |
| Classification number | PS648.C54 |
| Item number | C66 1992 |
| 082 00 - DEWEY DECIMAL CLASSIFICATION NUMBER | |
| Classification number | 813.0108358 |
| Author Mark | CON |
| 245 00 - TITLE STATEMENT | |
| Title | Confederate battle stories / |
| Statement of responsibility, etc. | edited by Martin H. Greenberg, Frank D. McSherry, Jr., and Charles G. Waugh. |
| 250 ## - EDITION STATEMENT | |
| Edition statement | 1st ed. |
| 260 ## - PUBLICATION, DISTRIBUTION, ETC. | |
| Place of publication, distribution, etc. | Little Rock, Ark. : |
| Name of publisher, distributor, etc. | August House, |
| Date of publication, distribution, etc. | 1992. |
| 300 ## - PHYSICAL DESCRIPTION | |
| Extent | 193 p. ; |
| Dimensions | 23 cm. |
| 505 0# - FORMATTED CONTENTS NOTE | |
| Formatted contents note | The disbandment of the Army of Northern Virginia / Marshall Thompson -- Jack Still / J.P. Marquand -- A debt of honor / F. Scott Fitzgerald -- O captain! my captain! / H. Bedford-Jones -- Gettysburg / Mary Johnston -- Chickamauga / Thomas Wolfe -- The rebel trace / Joseph Hergesheimer -- The bloodhounds / W.C. Morrow -- Affair at St. Albans / Herbert Ravenel Sass -- The second Missouri compromise / Owen Wister -- The centennial comment / Robert Edmond Alter. |
| 650 #0 - SUBJECT ADDED ENTRY--TOPICAL TERM | |
| Topical term or geographic name entry element | War stories, American |
| Geographic subdivision | Southern States. |
| 9 (RLIN) | 23303 |
| 650 #1 - SUBJECT ADDED ENTRY--TOPICAL TERM | |
| Topical term or geographic name entry element | Short stories. |
| 9 (RLIN) | 1396 |
| 651 #0 - SUBJECT ADDED ENTRY--GEOGRAPHIC NAME | |
| Geographic name | United States |
| General subdivision | History |
| Chronological subdivision | Civil War, 1861-1865 |
| General subdivision | Fiction. |
| 9 (RLIN) | 23304 |
| 651 #0 - SUBJECT ADDED ENTRY--GEOGRAPHIC NAME | |
| Geographic name | Confederate States of America |
| General subdivision | History |
| -- | Fiction. |
| 9 (RLIN) | 23305 |
| 651 #0 - SUBJECT ADDED ENTRY--GEOGRAPHIC NAME | |
| Geographic name | Southern States |
| General subdivision | Social life and customs |
| -- | Fiction. |
| 9 (RLIN) | 23306 |
| 651 #1 - SUBJECT ADDED ENTRY--GEOGRAPHIC NAME | |
| Geographic name | United States |
| General subdivision | History |
| Chronological subdivision | Civil War, 1861-1865 |
| General subdivision | Fiction. |
| 9 (RLIN) | 23304 |
| 700 1# - ADDED ENTRY--PERSONAL NAME | |
| Personal name | Greenberg, Martin Harry. |
| 9 (RLIN) | 23307 |
| 700 1# - ADDED ENTRY--PERSONAL NAME | |
| Personal name | McSherry, Frank D. |
| 9 (RLIN) | 23308 |
| 700 1# - ADDED ENTRY--PERSONAL NAME | |
| Personal name | Waugh, Charles. |
| 9 (RLIN) | 23309 |
| 906 ## - LOCAL DATA ELEMENT F, LDF (RLIN) | |
| a | 7 |
| b | cbc |
| c | orignew |
| d | 1 |
| e | ocip |
| f | 19 |
| g | y-gencatlg |
| 942 ## - ADDED ENTRY ELEMENTS (KOHA) | |
| Source of classification or shelving scheme | |
| Koha item type | Book |
| Withdrawn status | Lost status | Source of classification or shelving scheme | Damaged status | Not for loan | Permanent Location | Current Location | Date acquired | Source of acquisition | Total Checkouts | Full call number | Barcode | Date last seen | Date last checked out | Price effective from | Koha item type |
|---|---|---|---|---|---|---|---|---|---|---|---|---|---|---|---|
| Central Library (CL) | Central Library (CL) | 10/08/2019 | Donation | 1 | 813.0108358 CON | CL-D-649 | 07/30/2021 | 07/30/2021 | 10/08/2019 | Book |
